Aprovechamiento con tratamiento silvicultural de impacto reducido en un bosque montano de la cordillera de Talamanca, Costa Rica / (Registro nro. 2534)
[ vista simple ]
| 000 -CABECERA | |
|---|---|
| Campo de control | 01187nam a2200313 a 4500 |
| 005 - FECHA Y HORA DE LA ULTIMA TRANSACCION | |
| Campo de control | 20160524110928.0 |
| 008 - ELEMENTOS DE LONGITUD FIJA—INFORMACION GENERAL | |
| Campo de control | 140306t2001 cr ad|||r|||| 00| 0 spa d |
| 020 ## - ISBN | |
| ISBN | 9977573778 |
| 040 ## - FUENTE DE CATALOGACIÓN | |
| Agencia catalogadora original | CO-BoIAVH |
| Agencia transcriptora | CO-BoIAVH |
| 041 0# - IDIOMA | |
| Código de idioma para texto/pista de sonido o título separado | Español |
| 044 ## - PAÍS DE PUBLICACIÓN | |
| País de publicación | Colombia |
| 082 04 - NUMERO DE CLASIFICACION DECIMAL DEWEY | |
| Número de clasificación | 634.95 |
| Número del ítem | V45a |
| 100 1# - ASIENTO PRINCIPAL--NOMBRE PERSONAL | |
| Nombre personal | Venegas, Geoffrey |
| Término relacionado | autor |
| 9 (RLIN) | 70010 |
| 245 10 - MENCION DE TITULO | |
| Título | Aprovechamiento con tratamiento silvicultural de impacto reducido en un bosque montano de la cordillera de Talamanca, Costa Rica / |
| Mención de responsabilidad | Geoffrey Venegas y Bastiaan Louman |
| 260 ## - PUBLICACION, DISTRIBUCION, ETC. (PIE DE IMPRENTA) | |
| Lugar de publicación, distribución, etc. | Turrialba : |
| Nombre del editor, distribuidor, etc. | CATIE. Unidad de Manejo de Bosques Naturales, |
| Fecha de publicación, distribución, etc. | c2001. |
| 300 ## - DESCRIPCION FISICA | |
| Extensión | 55 páginas : |
| Otros detalles físicos | ilustraciones y gráficas ; |
| Dimensiones | 24 x 17 cm. |
| 490 0# - MENCION DE SERIE | |
| Mención de serie | Serie técnica. Informe técnico / CATIE ; |
| Designación numérica/secuencial del volumen | 325 |
| 500 ## - NOTA GENERAL | |
| Nota general | Incluye anexos. |
| 504 ## - NOTA DE BIBLIOGRAFIA, ETC. | |
| Nota de bibliografía | Incluye referencias bibliográficas. |
| 650 24 - ASIENTO SECUNDARIO DE MATERIA - TERMINO TEMATICO | |
| Término temático o nombre geográfico como elemento de entrada | Bosques montanos |
| 9 (RLIN) | 70011 |
| 650 16 - ASIENTO SECUNDARIO DE MATERIA - TERMINO TEMATICO | |
| Término temático o nombre geográfico como elemento de entrada | Bosque tropical |
| 9 (RLIN) | 70006 |
| 650 26 - ASIENTO SECUNDARIO DE MATERIA - TERMINO TEMATICO | |
| Término temático o nombre geográfico como elemento de entrada | Ordenación forestal |
| 9 (RLIN) | 61057 |
| 650 26 - ASIENTO SECUNDARIO DE MATERIA - TERMINO TEMATICO | |
| Término temático o nombre geográfico como elemento de entrada | Silvicultura |
| 9 (RLIN) | 70012 |
| 650 24 - ASIENTO SECUNDARIO DE MATERIA - TERMINO TEMATICO | |
| Término temático o nombre geográfico como elemento de entrada | Aprovechamiento forestal |
| 9 (RLIN) | 70013 |
| 650 26 - ASIENTO SECUNDARIO DE MATERIA - TERMINO TEMATICO | |
| Término temático o nombre geográfico como elemento de entrada | Recursos forestales |
| Subdivisión general | uso |
| 9 (RLIN) | 70014 |
| 662 ## - ASIENTO SECUNDARIO DE MATERIA - JERARQUIA DEL NOMBRE DE LUGAR( | |
| País o entidad mayor | Costa Rica |
| Jurisdicción política intermedia | Cordillera de Talamanca |
| 700 1# - ASIENTO SECUNDARIO - NOMBRE PERSONAL | |
| Nombre personal | Louman, Bastiaan |
| Término de relación | autor |
| 9 (RLIN) | 70015 |
| 942 ## - ELEMENTOS ADICIONALES (KOHA) | |
| Tipo de ítem | Libro |
| Sistema de clasificación | Dewey Decimal Classification |
| Withdrawn status | Lost status | Sistema de Clasificación | Damaged status | No para préstamo | Colección | Inventariado | Ubicación Permanente | Ubicación actual | Fecha de adquisición | Fuente de Valor | Valor | Total Checkouts | Número topográfico | Inventario / Código de Barras | Date last seen | Ejemplar | Price effective from | Forma de adquisición | Tipo de material |
|---|---|---|---|---|---|---|---|---|---|---|---|---|---|---|---|---|---|---|---|
| Dewey Decimal Classification | General | Inventariado 2017 | Sala Fabio Quevedo | Sala Fabio Quevedo | 08/02/2002 | Instituto | 39000.00 | LB-634.95 V45a | 003300 | 04/12/2012 | Ej. 1 | 04/12/2012 | Donación | Libro |